K regionální strukturální politice čs. agrokomplexu v pohraničních oblastech.

Východiská k formovaniu štruktúry poľnohospodárskej výroby navrhované Akadémiou zemědělských věd pre okres Č. Krumlov, majetok Kájov. Varianty štruktúr a ich orientácia. Optimalizácia hospodárenia na báze metódy lineárneho programovania. Vplyv cien vstupov a výstupov na analyzované poľnohospodárske...

ver descrição completa

Na minha lista:
Detalhes bibliográficos
Autor principal: Doktor, Jiří
Formato: Capítulo de Livro
Idioma:tcheco
Assuntos:
Tags: Adicionar Tag
Sem tags, seja o primeiro a adicionar uma tag!

MARC

LEADER 00000naa a2200000 4500
001 r008496
005 20220831091110.1
041 0 |a cze 
044 |a [CS] 
245 1 0 |a K regionální strukturální politice čs. agrokomplexu v pohraničních oblastech.  |c Jiří Doktor 
520 |a Východiská k formovaniu štruktúry poľnohospodárskej výroby navrhované Akadémiou zemědělských věd pre okres Č. Krumlov, majetok Kájov. Varianty štruktúr a ich orientácia. Optimalizácia hospodárenia na báze metódy lineárneho programovania. Vplyv cien vstupov a výstupov na analyzované poľnohospodárske podniky v pohraničných horských a podhorských oblastiach. 
610 2 0 |a výroba poľnohospodárska 
610 2 0 |a politika regionálna 
610 2 0 |a štruktúra výroby 
610 2 0 |a projekty 
610 2 0 |a AZV ČSFR 
610 2 0 |a programovanie lineárne 
610 2 0 |a optimalizácia 
610 2 0 |a pohraničie 
610 2 0 |a ceny 
610 2 0 |a rozbory činnosti hospodárskej 
610 2 0 |a podnik poľnohospodársky 
610 2 0 |a agrokomplex 
100 1 |a Doktor, Jiří